000 00588cam a2200217ua 4500
001 265
008 111222n ii |||gr||||Z||||||eng
020 _a978-019-563508-9
020 _a019-563508-6
040 _cMAIN
082 _a306.8
245 1 _aFamily, kinship and marriage in India
250 _a1st /
_bedited by Patrichia Uberoi.
260 _aNew Delhi:
_bOxford,
_c2008.
300 _ax, 502p.:
_c30cm.
653 _aSociology
653 _aCulture and institutions
653 _aFamily, kinship and marriage in India
700 _aUberoi, Patricia,
_eEditor.
942 _cBK
999 _c224
_d224